Analysis and design of substructures; limit state design, 2nd Edition (Record no. 290562)

000 -LEADER
fixed length control field 00345 a2200121 4500
001 - CONTROL NUMBER
control field 55489
082 ## - DEWEY DECIMAL CLASSIFICATION NUMBER
Classification number 624.1521 SAR
090 ## - LOCALLY ASSIGNED LC-TYPE CALL NUMBER (OCLC); LOCAL CALL NUMBER (RLIN)
-- 34434
-- 34434
100 ## - MAIN ENTRY--PERSONAL NAME
Personal name Saran, Swami
245 ## - TITLE STATEMENT
Title Analysis and design of substructures; limit state design, 2nd Edition
Statement of responsibility, etc. Swami Saran
250 ## - EDITION STATEMENT
Edition statement 2
260 ## - PUBLICATION, DISTRIBUTION, ETC.
Place of publication, distribution, etc. New delhi
Name of publisher, distributor, etc. Oxford University Press
Date of publication, distribution, etc. 2006
942 ## - ADDED ENTRY ELEMENTS (KOHA)
Institution code [OBSOLETE] NUST-CAE
Call number prefix 624.1521 SAR
Holdings
Withdrawn status Lost status Damaged status Not for loan Collection code Permanent Location Current Location Date acquired Total Checkouts Full call number Barcode Date last seen Price effective from Koha item type
          College of Aeronautical Engineering (CAE) College of Aeronautical Engineering (CAE) 04/03/2017   624.1521 SAR CAEN-4350 04/05/2017 04/05/2017 Book
© 2023 Central Library, National University of Sciences and Technology. All Rights Reserved.